00863nam a22001697a 4500008004100000020001800041050002400059245022000083260003500303300003000338440009000368504004100458650002700499942003500526999001700561952011500578260622b |||||||| |||| 00| 0 eng d a9789819969081 aLB1028.3b.I54 2024 aInformation and communication technology in technical and vocational education and training for sustainable and equal opportunity :bEducation,sustainability and women empowerment /cReem Khamis Hamdan ...[et al. ]. aSingapore :bSpringer ,c2024. axv,552p. :bill. ;c24cm. aTechnical and vocational education and training :issues, concerns and prospects ;v38 aIncludes bibliographical references 2Educational technology 2lcchLB1028.3 .I54 2024cBOOKS c32545d32545 00102lcc4070aMUCbMUCcGENd2026-06-12eKNTCCl0oLB1028.3 .I54 2024p40661r2026-06-22w2026-06-22yBOOKS